[Event "Palmanova op 11th"]
[Site "Palmanova"]
[Date "2022.12.08"]
[Round "1"]
[White "Boerci, Leonardo"]
[Black "Savanovic, Maksim"]
[Result "0-1"]
[WhiteElo "1819"]
[BlackElo "2154"]
[PlyCount "76"]
[EventDate "2022.12.08"]
[EventType "swiss"]
[EventRounds "6"]
[EventCountry "ITA"]
[SourceTitle "CBM 211 Extra"]
[Source "ChessBase"]
[SourceDate "2023.01.31"]
[SourceVersion "1"]
[SourceVersionDate "2023.01.31"]
[SourceQuality "1"]

1. d4 Nf6 2. Nf3 g6 3. c4 Bg7 4. Nc3 0-0 5. e4 d6 6. Be2 e5 7. dxe5 dxe5 8. Qxd8 Rxd8 9. Bg5 Re8 10. 0-0 c6 11. Rfd1 h6 12. Bh4 Na6 13. a3 Nc5 14. Nd2 Ne6 15. b4 Nd4 16. Bf1 Be6 17. Rac1 Nh5 18. c5 b5 19. Ne2 a5 20. Nxd4 exd4 21. Nf3 Bg4 22. h3 Bxf3 23. gxf3 axb4 24. axb4 Ra4 25. Rb1 Ra3 26. Rd3 Rea8 27. Rbb3 Rxb3 28. Rxb3 Be5 29. Be7 Ra1 30. Bd6 f6 31. h4 Nf4 32. Rb2 Kf7 33. Bxe5 fxe5 34. Rb3 d3 35. Rb2 Rd1 36. Ra2 d2 37. Ra7+ Ke6 38. Ra2 Rxf1+ 0-1

[Event "Hvar Arsenal op"]
[Site "Hvar"]
[Date "2022.10.12"]
[Round "7"]
[White "Arnold, Jan1"]
[Black "Savanovic, Maksim"]
[Result "0-1"]
[WhiteElo "1865"]
[BlackElo "2154"]
[PlyCount "82"]
[EventDate "2022.10.08"]
[EventType "swiss"]
[EventRounds "9"]
[EventCountry "CRO"]
[SourceTitle "CBM 210 Extra"]
[Source "ChessBase"]
[SourceDate "2022.11.30"]
[SourceVersion "1"]
[SourceVersionDate "2022.11.30"]
[SourceQuality "1"]

1. d4 Nf6 2. c4 g6 3. Nc3 Bg7 4. e4 d6 5. Nf3 0-0 6. Be2 e5 7. dxe5 dxe5 8. Qxd8 Rxd8 9. 0-0 Bg4 10. Bg5 Bxf3 11. Bxf6 Bxf6 12. Bxf3 c6 13. Rad1 Nd7 14. b3 h5 15. Rd3 Kf8 16. Rfd1 Ke8 17. Kf1 Be7 18. Ke2 Bc5 19. g4 h4 20. g5 Bd4 21. Bh1 Nc5 22. Rh3 Ne6 23. Ke1 Nxg5 24. Rhd3 Ne6 25. Ne2 Ke7 26. f4 f6 27. f5 gxf5 28. exf5 Nc5 29. Rxd4 exd4 30. Nxd4 Rd7 31. Rd2 Rad8 32. Re2+ Kf7 33. Ne6 Rd1+ 34. Kf2 Nxe6 35. fxe6+ Ke7 36. Bf3 R8d2 37. Bg4 Rxe2+ 38. Kxe2 Rh1 39. h3 Rh2+ 40. Ke3 Rxa2 41. Kf4 Rb2 0-1

[Event "Hvar Arsenal op"]
[Site "Hvar"]
[Date "2022.10.12"]
[Round "6"]
[White "Savanovic, Maksim"]
[Black "Golubovic, Erik"]
[Result "1-0"]
[WhiteElo "2154"]
[BlackElo "1769"]
[PlyCount "129"]
[EventDate "2022.10.08"]
[EventType "swiss"]
[EventRounds "9"]
[EventCountry "CRO"]
[SourceTitle "CBM 210 Extra"]
[Source "ChessBase"]
[SourceDate "2022.11.30"]
[SourceVersion "1"]
[SourceVersionDate "2022.11.30"]
[SourceQuality "1"]

1. d4 d5 2. Bf4 Nf6 3. e3 c5 4. c3 Nc6 5. Nd2 cxd4 6. exd4 Bf5 7. Qb3 Qc8 8. Ngf3 e6 9. Ne5 Be7 10. Be2 0-0 11. g4 Bg6 12. h4 h5 13. g5 Ne4 14. Nxg6 fxg6 15. Be3 Nxd2 16. Bxd2 Bd6 17. Bd3 Ne7 18. Qc2 Qe8 19. Be3 Bf4 20. Qe2 Qc6 21. 0-0-0 Bxe3+ 22. Qxe3 Rae8 23. Rde1 Nf5 24. Bxf5 Rxf5 25. Re2 Qd6 26. Qg3 Qf4+ 27. Kc2 Qxg3 28. fxg3 Rf3 29. Rg1 Kf7 30. Kd2 Ke7 31. Rge1 Kd7 32. Re3 Rf2+ 33. R1e2 Rf1 34. Kd3 Re7 35. Kd2 b5 36. Re1 Rf2+ 37. R1e2 Rf1 38. Kd3 a6 39. Kc2 Kd6 40. Kb3 a5 41. a4 bxa4+ 42. Kxa4 Ra1+ 43. Kb5 a4 44. Kb6 Ra2 45. Re5 Re8 46. Kb7 Re7+ 47. Kb6 Re8 48. R5e3 a3 49. b4 Rb8+ 50. Ka7 Rxe2 51. Rxe2 Kc7 52. Ra2 Rb7+ 53. Ka6 Rb8 54. Ka5 Kc6 55. Ka4 Rf8 56. Kxa3 Rf3 57. Kb3 Kb6 58. Re2 Rxg3 59. Rxe6+ Kb5 60. Rxg6 Rg4 61. Rxg7 Rxh4 62. Rh7 Rh1 63. g6 Kc6 64. g7 Rg1 65. Rh6+ 1-0

[Event "Chioggia op-A 15th"]
[Site "Chioggia"]
[Date "2022.10.02"]
[Round "5"]
[White "Loiacono, Leonardo"]
[Black "Savanovic, Maksim"]
[Result "1/2-1/2"]
[WhiteElo "2260"]
[BlackElo "2154"]
[PlyCount "30"]
[EventDate "2022.09.30"]
[EventType "swiss"]
[EventRounds "5"]
[EventCountry "ITA"]
[SourceTitle "EXT 2024"]
[Source "ChessBase"]
[SourceDate "2023.10.10"]
[SourceVersion "1"]
[SourceVersionDate "2023.10.10"]
[SourceQuality "1"]

1. d4 Nf6 2. c4 g6 3. Nc3 Bg7 4. e4 d6 5. Be2 0-0 6. Be3 c6 7. Nf3 e5 8. dxe5 dxe5 9. 0-0 Qe7 10. h3 Na6 11. Qa4 Nd7 12. Rab1 Nac5 13. Qa3 Re8 14. Rfd1 a5 15. Ne1 Bf8 1/2-1/2

[Event "Chioggia op-A 15th"]
[Site "Chioggia"]
[Date "2022.10.02"]
[Round "4"]
[White "Pecci, William"]
[Black "Savanovic, Maksim"]
[Result "0-1"]
[WhiteElo "1977"]
[BlackElo "2154"]
[PlyCount "84"]
[EventDate "2022.09.30"]
[EventType "swiss"]
[EventRounds "5"]
[EventCountry "ITA"]
[SourceTitle "EXT 2024"]
[Source "ChessBase"]
[SourceDate "2023.10.10"]
[SourceVersion "1"]
[SourceVersionDate "2023.10.10"]
[SourceQuality "1"]

1. e4 c5 2. Nf3 d6 3. d4 cxd4 4. Nxd4 Nf6 5. Nc3 a6 6. h3 e5 7. Nde2 h5 8. Bg5 Be6 9. Bxf6 Qxf6 10. Nd5 Qd8 11. Qd3 Nd7 12. 0-0-0 Nc5 13. Qf3 Rc8 14. Nec3 b5 15. Kb1 Bd7 16. Be2 Ne6 17. Qe3 Rb8 18. b4 a5 19. a3 axb4 20. axb4 g6 21. g4 h4 22. g5 Bg7 23. Nf6+ Bxf6 24. gxf6 Nd4 25. Rxd4 exd4 26. Qxd4 Qb6 27. Qd5 Be6 28. Bxb5+ Kf8 29. Qd2 Rh5 30. e5 dxe5 31. Rd1 Kg8 32. Qe3 Qxe3 33. fxe3 Bxh3 34. Rg1 e4 35. Be2 Rxb4+ 36. Kc1 Rc5 37. Kd2 Bf5 38. Ra1 Rb6 39. Nd1 Rd6+ 40. Ke1 Rxc2 41. Ra8+ Kh7 42. Rf8 Rxf6 0-1

[Event "Belgrade Trophy 35th"]
[Site "Belgrade"]
[Date "2021.11.28"]
[Round "5"]
[White "Savanovic, Maksim"]
[Black "Drljevic, Ljilja"]
[Result "0-1"]
[WhiteElo "2093"]
[BlackElo "2197"]
[PlyCount "54"]
[EventDate "2021.11.24"]
[EventType "swiss"]
[EventRounds "9"]
[EventCountry "SRB"]
[SourceTitle "CBM 205 Extra"]
[Source "ChessBase"]
[SourceDate "2022.01.31"]
[SourceVersion "1"]
[SourceVersionDate "2022.01.31"]
[SourceQuality "1"]

1. d4 d6 2. Bf4 g6 3. e3 Bg7 4. Nf3 Nf6 5. h3 0-0 6. Be2 Nc6 7. 0-0 Nd7 8. Bh2 e5 9. c4 f5 10. Nc3 Kh8 11. Rb1 e4 12. Nd2 g5 13. b4 Ne7 14. Qc2 Nf6 15. a4 Ng6 16. a5 a6 17. b5 axb5 18. Nxb5 Rxa5 19. c5 f4 20. Nxe4 Nxe4 21. Qxe4 Bf5 22. Qxb7 Bxb1 23. Rxb1 dxc5 24. dxc5 Qd2 25. Qxc7 fxe3 26. fxe3 Qxe2 27. Qxa5 Nh4 0-1

[Event "Mediterranean-ch 11th"]
[Site "Petrovac"]
[Date "2021.06.21"]
[Round "4"]
[White "Krivokapic, Marko"]
[Black "Savanovic, Maksim"]
[Result "0-1"]
[WhiteElo "2405"]
[BlackElo "2095"]
[PlyCount "108"]
[EventDate "2021.06.19"]
[EventType "swiss"]
[EventRounds "9"]
[EventCountry "MNE"]
[SourceTitle "CBM 203 Extra"]
[Source "ChessBase"]
[SourceDate "2021.09.30"]
[SourceVersion "1"]
[SourceVersionDate "2021.09.30"]
[SourceQuality "1"]

1. e4 c5 2. Nf3 d6 3. d4 cxd4 4. Nxd4 Nf6 5. Nc3 a6 6. f3 e5 7. Nb3 Be6 8. Be3 Nbd7 9. g4 b5 10. g5 Nh5 11. Qd2 Be7 12. 0-0-0 Nb6 13. Kb1 Rc8 14. Rg1 Qc7 15. Nd5 Nxd5 16. exd5 Bf5 17. Rc1 0-0 18. Na5 Bd8 19. Nc6 Bd7 20. c4 Qb7 21. Bd3 bxc4 22. Rxc4 f5 23. h4 Bxc6 24. dxc6 Rxc6 25. Bxf5 Rxc4 26. Be6+ Kh8 27. Bxc4 Bc7 28. Bd5 Qb5 29. Be4 Rb8 30. Rc1 Ba5 31. Qc2 g6 32. b3 d5 33. Bd3 Qb4 34. Bc5 Qb7 35. Bd6 Re8 36. Bxg6 hxg6 37. Qe2 e4 38. fxe4 dxe4 39. b4 Bb6 40. Qc2 Qd5 41. Rd1 Qe6 42. Qc6 Bf2 43. Rd5 Ng7 44. Re5 Qf7 45. Qxe4 Rxe5 46. Bxe5 Kh7 47. Bxg7 Kxg7 48. Kb2 Qc7 49. a4 Bg3 50. Qd3 Qd6 51. Qc4 Be5+ 52. Ka3 Qd1 53. Qe4 Qa1+ 54. Kb3 Qc3+ 0-1

[Event "Mediterranean-ch 11th"]
[Site "Petrovac"]
[Date "2021.06.20"]
[Round "3"]
[White "Savanovic, Maksim"]
[Black "Demir, Hilmi Mustafa"]
[Result "1-0"]
[WhiteElo "2095"]
[BlackElo "1752"]
[PlyCount "53"]
[EventDate "2021.06.19"]
[EventType "swiss"]
[EventRounds "9"]
[EventCountry "MNE"]
[SourceTitle "CBM 203 Extra"]
[Source "ChessBase"]
[SourceDate "2021.09.30"]
[SourceVersion "1"]
[SourceVersionDate "2021.09.30"]
[SourceQuality "1"]

1. d4 d5 2. Bf4 c5 3. e3 Nc6 4. c3 Bf5 5. Qb3 Qd7 6. Nf3 c4 7. Qd1 e6 8. Be2 Nf6 9. Nbd2 Bd6 10. Bg3 0-0 11. 0-0 b5 12. a3 a5 13. Nh4 b4 14. Nxf5 exf5 15. Bf3 b3 16. Qe2 Ne4 17. Bxd6 Qxd6 18. Bxe4 fxe4 19. f3 exf3 20. Rxf3 Rae8 21. Raf1 Qe6 22. Rh3 f5 23. Qh5 Qg6 24. Qh4 Qg4 25. Qxh7+ Kf7 26. Rg3 Rh8 27. Qxh8 1-0

[Event "Novi Sad TS Mix 143th"]
[Site "Novi Sad"]
[Date "2020.11.04"]
[Round "5"]
[White "Durak, Can"]
[Black "Savanovic, Maksim"]
[Result "1-0"]
[WhiteElo "1985"]
[BlackElo "2043"]
[PlyCount "101"]
[EventDate "2020.11.01"]
[EventType "swiss"]
[EventRounds "9"]
[EventCountry "SRB"]
[SourceTitle "CBM 199 Extra"]
[Source "ChessBase"]
[SourceDate "2021.01.31"]
[SourceVersion "1"]
[SourceVersionDate "2021.01.31"]
[SourceQuality "1"]

1. d4 d5 2. c4 c6 3. cxd5 cxd5 4. Bf4 Nc6 5. Nc3 Nf6 6. e3 a6 7. Be2 Bf5 8. Nf3 e6 9. Qb3 Ra7 10. 0-0 Be7 11. Ne5 Nxe5 12. Bxe5 0-0 13. Rfc1 Nd7 14. Bg3 b5 15. a4 b4 16. Nb1 a5 17. Nd2 Qa8 18. Bb5 Rc8 19. Qd1 Bd8 20. Nb3 Bb6 21. Rxc8+ Qxc8 22. Rc1 Qd8 23. Rc6 h6 24. Qc1 Kh7 25. Rc8 Qg5 26. Re8 Be4 27. f3 Bf5 28. Bf4 Qh4 29. g3 Qh5 30. Be2 e5 31. g4 Qh3 32. Bg3 Rc7 33. Qxc7 Bxc7 34. Bf1 Qxg3+ 35. hxg3 Bc2 36. Re7 Bxb3 37. Rxd7 Bb6 38. Bd3+ g6 39. dxe5 Bxe3+ 40. Kh2 d4 41. Ra7 Bc1 42. Rxa5 Bxb2 43. Rb5 Bc3 44. a5 Bd1 45. Kg2 b3 46. a6 Bc2 47. a7 Bxd3 48. Rxb3 Bc4 49. Rxc3 dxc3 50. a8Q c2 51. Qa1 1-0

[Event "Novi Sad TS Mix 143th"]
[Site "Novi Sad"]
[Date "2020.11.02"]
[Round "2"]
[White "Jocev, Milan"]
[Black "Savanovic, Maksim"]
[Result "1-0"]
[WhiteElo "2236"]
[BlackElo "2043"]
[PlyCount "63"]
[EventDate "2020.11.01"]
[EventType "swiss"]
[EventRounds "9"]
[EventCountry "SRB"]
[SourceTitle "CBM 199 Extra"]
[Source "ChessBase"]
[SourceDate "2021.01.31"]
[SourceVersion "1"]
[SourceVersionDate "2021.01.31"]
[SourceQuality "1"]

1. d4 d5 2. Nf3 Nf6 3. c4 c6 4. e3 Bf5 5. Nc3 e6 6. Nh4 Bg6 7. Nxg6 hxg6 8. Qb3 Qb6 9. g3 Nbd7 10. Bg2 Be7 11. 0-0 0-0 12. Rd1 Rad8 13. Bd2 dxc4 14. Qxc4 e5 15. Na4 Qc7 16. d5 c5 17. Qb5 Ne8 18. Rac1 Nd6 19. Qe2 b6 20. Nc3 f5 21. e4 Rf7 22. h4 Rdf8 23. h5 gxh5 24. Qxh5 Nxe4 25. Nxe4 fxe4 26. Bh3 Nf6 27. Qg6 Nxd5 28. Be6 Nf6 29. Bh6 Ne8 30. Rc4 Bf6 31. Rxe4 Qe7 32. Bf5 1-0

[Event "Novi Sad TS Mix 143th"]
[Site "Novi Sad"]
[Date "2020.11.01"]
[Round "1"]
[White "Savanovic, Maksim"]
[Black "Drazic, Sinisa"]
[Result "1/2-1/2"]
[WhiteElo "2043"]
[BlackElo "2345"]
[PlyCount "23"]
[EventDate "2020.11.01"]
[EventType "swiss"]
[EventRounds "9"]
[EventCountry "SRB"]
[SourceTitle "CBM 199 Extra"]
[Source "ChessBase"]
[SourceDate "2021.01.31"]
[SourceVersion "1"]
[SourceVersionDate "2021.01.31"]
[SourceQuality "1"]

1. d4 c5 2. c3 cxd4 3. cxd4 Nf6 4. Nc3 e6 5. Nf3 Be7 6. Bf4 0-0 7. e3 a6 8. Bd3 d5 9. 0-0 Nc6 10. Rc1 Bd7 11. h3 Rc8 12. Qe2 1/2-1/2

[Event "Banja Luka Challenge 4"]
[Site "Banja Luka"]
[Date "2020.07.03"]
[Round "5"]
[White "Savanovic, Maksim"]
[Black "Kelecevic, Mladen"]
[Result "1/2-1/2"]
[WhiteElo "1983"]
[BlackElo "2228"]
[PlyCount "41"]
[EventDate "2020.07.01"]
[EventType "tourn"]
[EventRounds "6"]
[EventCountry "BIH"]
[SourceTitle "CBM 197 Extra"]
[Source "ChessBase"]
[SourceDate "2020.09.30"]
[SourceVersion "1"]
[SourceVersionDate "2020.09.30"]
[SourceQuality "1"]

1. d4 Nf6 2. Bf4 d6 3. Nf3 g6 4. h3 Bg7 5. e3 0-0 6. Be2 c5 7. c3 cxd4 8. exd4 a6 9. a4 b6 10. 0-0 Bb7 11. Nbd2 Nbd7 12. Re1 h6 13. Bh2 Re8 14. Bc4 Nd5 15. Qb3 N7f6 16. Ne4 Nxe4 17. Bxd5 Bxd5 18. Qxd5 Nf6 19. Qb3 Qc7 20. Re2 Rab8 21. Nd2 1/2-1/2

[Event "Rilton Cup 49th"]
[Site "Stockholm"]
[Date "2020.01.02"]
[Round "6"]
[White "Pavlov, Mark"]
[Black "Savanovic, Maksim"]
[Result "1-0"]
[WhiteElo "2166"]
[BlackElo "2062"]
[PlyCount "75"]
[EventDate "2019.12.27"]
[EventType "swiss"]
[EventRounds "9"]
[EventCountry "SWE"]
[SourceTitle "CBM 194 Extra"]
[Source "ChessBase"]
[SourceDate "2020.03.31"]
[SourceVersion "1"]
[SourceVersionDate "2020.03.31"]
[SourceQuality "1"]

1. d4 d5 2. c4 c6 3. cxd5 cxd5 4. Bg5 Nc6 5. Nc3 Qb6 6. Nf3 Bg4 7. Na4 Qa5+ 8. Bd2 Qc7 9. Rc1 Bxf3 10. exf3 e6 11. Bb5 Bd6 12. Nc5 Nge7 13. Qa4 Bxc5 14. Rxc5 0-0 15. 0-0 a6 16. Bd3 Rfc8 17. Rfc1 Qd6 18. Be3 Ng6 19. Qb3 Qe7 20. Qb6 Nf8 21. R5c3 h6 22. h3 Rc7 23. a3 Qd6 24. Qb3 Nd7 25. Qc2 f6 26. Qd2 Nf8 27. Bb1 e5 28. dxe5 fxe5 29. Ba2 Rd8 30. Bb6 Rcd7 31. Bxd8 Rxd8 32. Rd3 Ne7 33. Rd1 Qg6 34. Bxd5+ Nxd5 35. Rxd5 Rc8 36. Rd8 Rc2 37. Qd5+ Kh7 38. Rxf8 1-0

[Event "Banja Luka Challenge 2"]
[Site "Banja Luka"]
[Date "2019.10.25"]
[Round "1"]
[White "Marjanovic, Branko"]
[Black "Savanovic, Maksim"]
[Result "1/2-1/2"]
[WhiteElo "2166"]
[BlackElo "1857"]
[PlyCount "141"]
[EventDate "2019.10.25"]
[EventType "schev"]
[EventRounds "6"]
[EventCountry "BIH"]
[SourceTitle "CBM 193 Extra"]
[Source "ChessBase"]
[SourceDate "2020.01.31"]
[SourceVersion "1"]
[SourceVersionDate "2020.01.31"]
[SourceQuality "1"]
[WhiteTeam "Team A (Seniors)"]
[BlackTeam "Team B (Juniors)"]
[WhiteTeamCountry "BIH"]
[BlackTeamCountry "BIH"]

1. e4 c6 2. d4 d5 3. Nc3 dxe4 4. Nxe4 Nf6 5. Nxf6+ exf6 6. c3 Bd6 7. Nf3 0-0 8. Be2 Qc7 9. 0-0 c5 10. Be3 cxd4 11. cxd4 Bg4 12. h3 Bh5 13. Qd2 Qe7 14. a3 Nc6 15. Rfe1 Bc7 16. b4 Qd6 17. g3 Rad8 18. Rad1 Ne7 19. Bf4 Qd7 20. Bxc7 Qxc7 21. Nh4 Bxe2 22. Qxe2 Ng6 23. Nf5 Rd5 24. Ne7+ Nxe7 25. Qxe7 Rd7 26. Qc5 Rfd8 27. Qxa7 h5 28. Re4 Qc6 29. Rde1 b6 30. Qa6 Rxd4 31. Rxd4 Rxd4 32. Qe2 Qd5 33. h4 Rd2 34. Qe8+ Kh7 35. Qe4+ Qxe4 36. Rxe4 Rd3 37. Re3 Rd4 38. Kf1 Rd2 39. Re2 Rd3 40. Re3 Rd2 41. Ke1 Ra2 42. Rf3 Kg6 43. Kd1 f5 44. Kc1 Re2 45. Kb1 Kf6 46. a4 Re4 47. Rb3 f4 48. Ka2 fxg3 49. fxg3 Ke5 50. Ka3 Kd5 51. a5 bxa5 52. bxa5 Kc6 53. a6 Re7 54. Ka4 f6 55. Rb8 g5 56. Rf8 gxh4 57. Rxf6+ Kc7 58. gxh4 Re4+ 59. Kb5 Kb8 60. Rh6 Rxh4 61. Kb6 Rb4+ 62. Kc6 Rc4+ 63. Kb6 Rb4+ 64. Ka5 Rb1 65. Rxh5 Ka8 66. Rb5 Rxb5+ 67. Kxb5 Ka7 68. Ka5 Ka8 69. Kb6 Kb8 70. a7+ Ka8 71. Ka6 1/2-1/2

[Event "Banja Luka Challenge 2"]
[Site "Banja Luka"]
[Date "2019.10.25"]
[Round "2"]
[White "Savanovic, Maksim"]
[Black "Kelecevic, Mladen"]
[Result "1/2-1/2"]
[WhiteElo "1857"]
[BlackElo "2280"]
[PlyCount "35"]
[EventDate "2019.10.25"]
[EventType "schev"]
[EventRounds "6"]
[EventCountry "BIH"]
[SourceTitle "CBM 193 Extra"]
[Source "ChessBase"]
[SourceDate "2020.01.31"]
[SourceVersion "1"]
[SourceVersionDate "2020.01.31"]
[SourceQuality "1"]
[WhiteTeam "Team B (Juniors)"]
[BlackTeam "Team A (Seniors)"]
[WhiteTeamCountry "BIH"]
[BlackTeamCountry "BIH"]

1. d4 d6 2. Bf4 g6 3. Nf3 Bg7 4. e3 Nf6 5. h3 0-0 6. Be2 Nbd7 7. 0-0 b6 8. c3 Bb7 9. a4 a5 10. Na3 Nd5 11. Bh2 e5 12. Qb3 e4 13. Nd2 Qe7 14. Nb5 N7f6 15. c4 Nb4 16. c5 dxc5 17. dxc5 Qxc5 18. Bxc7 1/2-1/2

[Event "Banja Luka Challenge 1"]
[Site "Banja Luka"]
[Date "2019.10.06"]
[Round "7.4"]
[White "Savanovic, Maksim"]
[Black "Galic, Radenko"]
[Result "1-0"]
[WhiteElo "1857"]
[BlackElo "1980"]
[PlyCount "55"]
[EventDate "2019.10.03"]
[EventType "schev"]
[EventRounds "8"]
[EventCountry "BIH"]
[SourceTitle "EXT 2020"]
[Source "ChessBase"]
[SourceDate "2019.10.17"]
[SourceVersion "1"]
[SourceVersionDate "2019.10.17"]
[SourceQuality "1"]
[WhiteTeam "Kadeti"]
[BlackTeam "Seniors"]
[WhiteTeamCountry "BIH"]
[BlackTeamCountry "BIH"]

1. d4 d5 2. Bf4 c5 3. e3 Nc6 4. c3 b6 5. Nf3 Bb7 6. Nbd2 f6 7. Qa4 e6 8. c4 Nge7 9. cxd5 Nxd5 10. Bg3 Bd6 11. Bb5 Nde7 12. Bxd6 Qxd6 13. dxc5 bxc5 14. Ne4 Qc7 15. Nxc5 Kf7 16. Qb3 Nd5 17. Nxb7 Qxb7 18. Nd4 Na5 19. Qa4 Nxe3 20. fxe3 Qxg2 21. 0-0-0 Qe4 22. Qxa5 Rhc8+ 23. Bc6 Rxc6+ 24. Nxc6 Rc8 25. b3 Rxc6+ 26. Kb2 Qxe3 27. Qd2 Qe5+ 28. Qd4 1-0

[Event "BIH-ch 12th"]
[Site "Lukavac"]
[Date "2018.12.16"]
[Round "6"]
[White "Savanovic, Maksim"]
[Black "Mutapcic, Nijaz"]
[Result "0-1"]
[WhiteElo "1793"]
[BlackElo "1620"]
[PlyCount "80"]
[EventDate "2018.12.13"]
[EventType "swiss"]
[EventRounds "7"]
[EventCountry "BIH"]
[SourceTitle "CBM 187 Extra"]
[Source "ChessBase"]
[SourceDate "2018.11.04"]
[SourceVersion "1"]
[SourceVersionDate "2018.11.04"]
[SourceQuality "1"]

1. d4 f5 2. Nf3 Nf6 3. Bf4 d6 4. e3 c6 5. h3 Nbd7 6. Be2 g6 7. c4 Bg7 8. Nc3 0-0 9. Bh2 Qa5 10. 0-0 Ne4 11. Qc2 Ndf6 12. Rfc1 Kh8 13. Rab1 Bd7 14. b4 Qd8 15. Nd2 Ng5 16. a4 Rc8 17. b5 Nf7 18. Rb2 e5 19. Rcb1 exd4 20. exd4 c5 21. dxc5 Rxc5 22. Nb3 Rc8 23. Ra1 Qc7 24. Rbb1 Be6 25. Nd2 Ne5 26. Bxe5 dxe5 27. Na2 e4 28. Rc1 Qd6 29. Nb3 Qf4 30. g3 Qh6 31. h4 f4 32. c5 fxg3 33. fxg3 Qe3+ 34. Kg2 Ng4 35. Bxg4 Bxg4 36. Rf1 Rf3 37. Rxf3 Bxf3+ 38. Kh2 Be5 39. Rf1 Rf8 40. Rf2 Bxg3+ 0-1

[Event "Chioggia op-B 13th"]
[Site "Chioggia"]
[Date "2018.09.28"]
[Round "1"]
[White "Ballon, Gioele"]
[Black "Savanovic, Maksim"]
[Result "0-1"]
[WhiteElo "1313"]
[BlackElo "1731"]
[PlyCount "68"]
[EventDate "2018.09.28"]
[EventType "swiss"]
[EventRounds "5"]
[EventCountry "ITA"]
[SourceTitle "EXT 2022"]
[Source "ChessBase"]
[SourceDate "2021.10.06"]
[SourceVersion "1"]
[SourceVersionDate "2021.10.06"]
[SourceQuality "1"]

1. e4 c6 2. d4 d5 3. e5 Bf5 4. Nf3 e6 5. Bd3 Bxd3 6. Qxd3 Nd7 7. c3 Ne7 8. Be3 h6 9. Nbd2 Qc7 10. Nb3 Nf5 11. Qe2 a5 12. Rd1 a4 13. Nbd2 Qb6 14. Rb1 c5 15. Qd3 c4 16. Qe2 Qa5 17. a3 Ra6 18. Nf1 Rb6 19. Qc2 Qb5 20. N3d2 Be7 21. Bf4 Nb8 22. Ne3 Nxe3 23. Bxe3 Nc6 24. 0-0 Na5 25. Rfe1 Nb3 26. Nxb3 Qxb3 27. Qxb3 Rxb3 28. f3 Kd7 29. Bd2 Rc8 30. Kf2 Rc6 31. Ke2 Rcb6 32. Rec1 Bxa3 33. Rc2 Bxb2 34. Kd1 a3 0-1